000 00200nam a22000857a 4500
008 170626b xxu||||| |||| 00| 0 eng d
100 _93673
_aDumas. A
245 _aThe three measurement
260 _aNew york
999 _c7088
_d7088